000 00454 a2200157 4500
005 20250619132252.0
020 _a0-07-286289-0
082 _a303.482 MAR
100 _aMARTIN, J. N.
245 _aExtercultural Communication: An Introduction.
250 _a2nd Ed.
260 _aNew York,
_bMcGraw-Hill Higher Education,
_c2005.
300 _axxi, 315p.: ill.; figure, picture.
_bGlossary & Index.
_c23cm.
700 _aNAKAYAMA, T. K.
942 _2ddc
_cBKS
999 _c250
_d250